Argentina or Brazil - Statistics

General Stats
  • This quiz has been taken 53 times
  • The average score is 13 of 15
Answer Stats
Question Answer % Correct
Speaks Spanish? Argentina
100%
Is geographically more to the south? Argentina
100%
Is larger by area? Brazil
100%
Has more population? Brazil
100%
Borders Chile? Argentina
86%
Has a sun in its flag? Argentina
86%
Has green in its flag? Brazil
86%
Has won more World Cups? Brazil
86%
Has the majority of the Amazon forest? Brazil
86%
Became independent earlier? Argentina
71%
Has more GDP per capita? Argentina
71%
Has won more Copa Americas? Argentina
71%
Has a dispute with the United Kingdom over some islands? Argentina
71%
Has more GDP? Brazil
71%
Has the statue of Christ the Redeemer? Brazil
71%
No matching quizzes found
Score Distribution
Percent of People with Each Score
Percentile by Number Answered
Your Score History
You have not taken this quiz